<?xml version="1.0" encoding="UTF-8"?>
<marc:record xmlns:marc="http://www.loc.gov/MARC21/slim">
   <marc:leader>00000nam a2200000 a 4500</marc:leader>
   <marc:datafield ind1="1" ind2=" " tag="100">
      <marc:subfield code="a">Summer, Joyce</marc:subfield>
      <marc:subfield code="4">aut</marc:subfield>
      <marc:subfield code="e">Verfasser/-in</marc:subfield>
   </marc:datafield>
   <marc:datafield ind1=" " ind2=" " tag="653">
      <marc:subfield code="a">Madeira</marc:subfield>
   </marc:datafield>
   <marc:datafield ind1=" " ind2=" " tag="653">
      <marc:subfield code="a">Portugalkrimi</marc:subfield>
   </marc:datafield>
   <marc:datafield ind1=" " ind2=" " tag="653">
      <marc:subfield code="a">Reisen</marc:subfield>
   </marc:datafield>
   <marc:datafield ind1=" " ind2=" " tag="653">
      <marc:subfield code="a">Regiokrimi</marc:subfield>
   </marc:datafield>
   <marc:datafield ind1=" " ind2=" " tag="653">
      <marc:subfield code="a">Südeuropa</marc:subfield>
   </marc:datafield>
   <marc:datafield ind1=" " ind2=" " tag="653">
      <marc:subfield code="a">Softcover / Belletristik/Krimis</marc:subfield>
   </marc:datafield>
   <marc:datafield ind1=" " ind2=" " tag="653">
      <marc:subfield code="a">Thriller</marc:subfield>
   </marc:datafield>
   <marc:datafield ind1=" " ind2=" " tag="653">
      <marc:subfield code="a">Spionage</marc:subfield>
   </marc:datafield>
   <marc:datafield ind1=" " ind2=" " tag="653">
      <marc:subfield code="a">Krimis</marc:subfield>
   </marc:datafield>
   <marc:datafield ind1="0" ind2="0" tag="245">
      <marc:subfield code="a">Madeirasturm</marc:subfield>
   </marc:datafield>
   <marc:datafield ind1="0" ind2="0" tag="245">
      <marc:subfield code="b">Comissário Avilas zweiter Fall</marc:subfield>
   </marc:datafield>
   <marc:datafield ind1="0" ind2="0" tag="245">
      <marc:subfield code="c">Joyce Summer</marc:subfield>
   </marc:datafield>
   <marc:datafield ind1=" " ind2="1" tag="264">
      <marc:subfield code="a">Norderstedt</marc:subfield>
      <marc:subfield code="b">BoD – Books on Demand</marc:subfield>
      <marc:subfield code="c">2019</marc:subfield>
   </marc:datafield>
   <marc:datafield ind1="1" ind2=" " tag="490">
      <marc:subfield code="a">Avila Mysteries</marc:subfield>
   </marc:datafield>
   <marc:datafield ind1=" " ind2=" " tag="250">
      <marc:subfield code="a">3. Auflage</marc:subfield>
   </marc:datafield>
   <marc:datafield ind1="1" ind2=" " tag="520">
      <marc:subfield code="a">Angaben aus der Verlagsmeldung

Madeirasturm : Comissário Avilas zweiter Fall / von Joyce Summer

STÜRMISCHE ZEITEN FÜR DEN COMISSÁRIO

Ein Sturm braut sich über der Atlantik-Insel zusammen und im Hafen von Funchal wird die Leiche eines Touristen angespült. Hat der junge Mann wirklich nur das tobende Meer unterschätzt? Comissário Avila hat kein gutes Gefühl bei der Sache, aber er kann sich nicht darum kümmern: Ein romantisches Wochenende mit seiner Frau in Madeiras malerischer Bergwelt steht an. Doch nicht nur der aufziehende Sturm stört die Idylle: Im Hotelpool schwimmt plötzlich die Leiche einer jungen Frau. Von der Außenwelt abgeschnitten versucht Comissário Avila den Mörder zu finden - ein Wettlauf gegen die Zeit, denn inmitten des tosenden Sturms jagt der Mörder schon sein nächstes Opfer - und das betrifft Avila ganz persönlich.

PRESSESTIMMEN
»Langerwartet. Die Krimis von Joyce Summer haben auf Madeira viele Fans - und viele Madeira-Reisende lesen gern einen Krimi, der im Urlaubsland spielt. Nach »Mord auf der Levada« und »Madeiragrab« ist Ende April 2019 »Madeirasturm« erschienen.
Ob der knapp vorbeigezogene Hurrican im vergangenen Oktober die Idee gegeben hat für den Hintergrund des spannenden Buches?«
(MADEIRAZEITUNG)
</marc:subfield>
   </marc:datafield>
   <marc:datafield ind1=" " ind2=" " tag="020">
      <marc:subfield code="a">9783748157175</marc:subfield>
      <marc:subfield code="9">9783748157175</marc:subfield>
   </marc:datafield>
   <marc:datafield ind1=" " ind2=" " tag="020">
      <marc:subfield code="a">3748157177</marc:subfield>
      <marc:subfield code="9">3748157177</marc:subfield>
   </marc:datafield>
   <marc:datafield ind1=" " ind2=" " tag="041">
      <marc:subfield code="a">ger</marc:subfield>
   </marc:datafield>
   <marc:datafield ind1=" " ind2=" " tag="300">
      <marc:subfield code="a">332 Seiten</marc:subfield>
   </marc:datafield>
</marc:record>
